000 00573cam a2200193ua 4500
001 687
005 20260515113217.0
008 110412n ii |||gr||||Z||||||eng
040 _cMAIN
082 _a352.054
245 _aFoundations of local self government in India, Pakistan And Burma.
_cBy Hugh Tinker.
250 _a1st.
260 _aNew Delhi.:
_bLalvani publishing house.,967.
300 _axvi, 376 p.:5 cm.
653 _aPolitical science.
653 _aFoundations of local self government in India, Pakistan & Burma.
700 _aTinker, Hugh.,
942 _cBK
999 _c615
_d615